00745nam a2200217Ia 450000500170000000800390001702000150005610000440007124500780011525000190019330000270021265000390023965000420027870000330032026400400035333600270039333700330042033800280045304000350048108400110051620220317000638.0160601s1994 sp g 000 0 spa a84767262871 aRimbaud, Jean Nicolas Arthurd1854-189110aPoesía completa cArthur Rimbaud ; traducción y notas Alberto Manzano a1a. edición  a157 páginas c23 cm 142LEMBaPoesía francesaySiglo XIX142LEMBaLiteratura francesa ySiglo XIX1 aManzano, Albertoetraductor  aBarcelona bEdicomunicaciónc1994 atextobtxt2rdacontent asin mediaciónbn2rdamedia avolumenbnc2rdacarrier aCO-BoRNBPbspaerdacCO-BoRNBP aP RIM1